000 01331cab a2200361 4500
001 ABS49620
008 090401t1993 xxu||||| |||| 00| 0 eng d
035 _a(Sirsi) u71966
041 _aeng
245 _aFocus `93 : industrial and distribution
260 _c1993
350 _a0
490 _aEstates Gazette
_v(9346) 20 November 1993, 81-167(20)
520 _aIncludes articles on prospects for industrial development; the advantages and disadvantages of secondhand space; a new breed of superwarehouses about to hit Europe; the European distribution industry; distribution amongst food retailers; the effect of the opening of the Channel Tunnel on the east coast ports; investment in industrial property and contaminated land.
650 _aCHANNEL TUNNEL
650 _aCONTAMINATED LAND
650 _aDISTRIBUTION INDUSTRY
650 _aDISTRIBUTION PROPERTY
650 _aEAST COAST PORTS
650 _aEUROPE
650 _aFREIGHT TERMINALS
650 _aFREIGHT VILLAGES
650 _aINDUSTRIAL DEVELOPMENT
650 _aINDUSTRIAL MARKET
650 _aINDUSTRIAL PROPERTY
650 _aINDUSTRIAL RENTS
650 _aINVESTMENT MARKET
650 _aREGIONAL DISTRIBUTION CENTRES
650 _aWAREHOUSES
690 _aPROPERTY-COMMERCIAL PROPERTY
942 _n0
948 _c04/03/1997
999 _c45396
_d45396